Koopman Analysis and Dynamic Mode Decomposition of a Flexible Flag behind a Semi-Circular Cylinder / (Record no. 609179)

000 -LEADER
fixed length control field 02021nam a22001577a 4500
082 ## - DEWEY DECIMAL CLASSIFICATION NUMBER
Classification number 621
100 ## - MAIN ENTRY--PERSONAL NAME
Personal name Qadeer, Abdul
245 ## - TITLE STATEMENT
Title Koopman Analysis and Dynamic Mode Decomposition of a Flexible Flag behind a Semi-Circular Cylinder /
Statement of responsibility, etc. Abdul Qadeer
264 ## - PRODUCTION, PUBLICATION, DISTRIBUTION, MANUFACTURE, AND COPYRIGHT NOTICE
Place of production, publication, distribution, manufacture Islamabad :
Name of producer, publisher, distributor, manufacturer SMME- NUST;
Date of production, publication, distribution, manufacture, or copyright notice 2022.
300 ## - PHYSICAL DESCRIPTION
Extent 65p.
Other physical details Soft Copy
Dimensions 30cm
500 ## - GENERAL NOTE
General note Flexible flag behind a semi-circular cylinder exhibiting complex dynamics, is studied numerically using immersed boundary method and data driven methods like Koopman Analysis and Dynamic Mode Decomposition. The effect of vortices shed by the D-shaped cylinder were studied by varying the distance between semi-circular cylinder and flag (Gx) in range 0-2.8 by an increment of 0.1 while keeping Re=300, ρ = 1 and bending rigidity ϒ=0.007 as constants. Five regions were identified having different flapping behaviors like symmetric/periodic flapping, chaotic flapping etc. The dynamics of these regions, transition between regions and drag observed by the flag is studied corresponding to these regions. Further more Dynamic Mode decomposition is used for modal analysis of flexible flag behind a semi-circular cylinder for three cases Re 100, 300 and 500 while keeping the fag at a stream-wise distance (Gx) 1.8. Other parameters, ρ = 1 and bending rigidity ϒ=0.007 are kept as constants. The DMD decomposes the system as a quasiperiodic system having two fundamental frequencies, one is frequency of the whole system which is also the frequency of flapping of flag, while the other is a secondary frequency that account for the local interactions of the flag with the fluid that results damping. DMD and kernel variant of DMD which numerically approximates Koopman Operator are used for the reconstruction of posttransient and full transient Re100 and Re300 case.
650 ## - SUBJECT ADDED ENTRY--TOPICAL TERM
Topical term or geographic name entry element MS Mechanical Engineering
700 ## - ADDED ENTRY--PERSONAL NAME
Personal name Supervisor : Dr. Emad Uddin
856 ## - ELECTRONIC LOCATION AND ACCESS
Uniform Resource Identifier <a href="http://10.250.8.41:8080/xmlui/handle/123456789/29926">http://10.250.8.41:8080/xmlui/handle/123456789/29926</a>
942 ## - ADDED ENTRY ELEMENTS (KOHA)
Source of classification or shelving scheme
Koha item type Thesis
Holdings
Withdrawn status Permanent Location Current Location Shelving location Date acquired Full call number Barcode Koha item type
  School of Mechanical & Manufacturing Engineering (SMME) School of Mechanical & Manufacturing Engineering (SMME) E-Books 05/20/2024 621 SMME-TH-717 Thesis
© 2023 Central Library, National University of Sciences and Technology. All Rights Reserved.